|
|
|
|
| LEADER |
00000nab a2200000 ar4500 |
| 001 |
vtls009955076 |
| 003 |
SK-MaSNL |
| 005 |
20260319074330.0 |
| 008 |
090930c2009 xo |||||||| 000 b|hun |
| 015 |
|
|
|a SNBRB2009/09
|2 snkbucl
|
| 038 |
|
|
|a SNKBUCL
|
| 040 |
|
|
|a DSZK
|b slo
|c DSZK
|e AACR2
|
| 041 |
0 |
|
|a hun
|
| 044 |
|
|
|a xo
|c SK
|
| 080 |
|
|
|a 282
|2 1997
|
| 080 |
|
|
|a 260.2-053.6:061.3
|2 1997
|
| 245 |
0 |
0 |
|a "Bízzunk az élő Istenben"
|b Katolikus Ifjúsagi Nap Dunaszerdahelyen
|c [szerző] (nagy)
|
| 300 |
|
|
|b Fotogr.
|
| 611 |
2 |
7 |
|a Katolícky deň mládeže
|n (1. :
|d 2009 :
|c Dunajská Streda, Slovensko)
|2 snkbucl
|9 1038007
|
| 650 |
0 |
7 |
|a Katolícka mládež
|2 snkbucl
|9 1038008
|
| 650 |
0 |
7 |
|a stretnutia
|2 snkbucl
|9 877999
|
| 651 |
|
7 |
|a Dunajská Streda (Slovensko)
|2 snkbucl
|9 17375
|
| 773 |
0 |
|
|t Remény
|g Évf. XX, sz. 39 (2009), o. 24
|x 1335-6534
|
| 852 |
|
|
|a SNK
|b KIS3GCP
|
| 852 |
|
|
|a DSZK
|b KIS3GCP
|
| 958 |
|
|
|a HU
|
| 958 |
|
|
|a SK
|
| 958 |
|
|
|a NT
|
| 999 |
|
|
|c 1706543
|d 1708473
|